<?xml version="1.0" encoding="UTF-8"?>
<record
    xmlns:xsi="http://www.w3.org/2001/XMLSchema-instance"
    xsi:schemaLocation="http://www.loc.gov/MARC21/slim http://www.loc.gov/standards/marcxml/schema/MARC21slim.xsd"
    xmlns="http://www.loc.gov/MARC21/slim">

  <leader>01568cam a2200229   4500500</leader>
  <controlfield tag="005">20260322004305.0</controlfield>
  <datafield tag="041" ind1=" " ind2=" ">
    <subfield code="a">fre</subfield>
  </datafield>
  <datafield tag="042" ind1=" " ind2=" ">
    <subfield code="a">dc</subfield>
  </datafield>
  <datafield tag="100" ind1="1" ind2="0">
    <subfield code="a">Sa&#xEF;sset, Louis-Antoine</subfield>
    <subfield code="e">author</subfield>
  </datafield>
  <datafield tag="700" ind1="1" ind2="0">
    <subfield code="a">Pavez, Iciar</subfield>
    <subfield code="e">author</subfield>
  </datafield>
  <datafield tag="700" ind1="1" ind2="0">
    <subfield code="a">Temri, Leila</subfield>
    <subfield code="e">author</subfield>
  </datafield>
  <datafield tag="245" ind1="0" ind2="0">
    <subfield code="a">Governance and Sustainability-Oriented Innovations in Wine Firms: A Qualitative Study in France</subfield>
  </datafield>
  <datafield tag="260" ind1=" " ind2=" ">
    <subfield code="c">2025.
							</subfield>
  </datafield>
  <datafield tag="500" ind1=" " ind2=" ">
    <subfield code="a">39</subfield>
  </datafield>
  <datafield tag="520" ind1=" " ind2=" ">
    <subfield code="a">Facing climate change, wine industry is transitioning through innovations to be more sustainable. To understand how the governance characteristics of wine firms can influence sustainability-oriented innovations (SOI), we apply a multi-paradigmatic theoretical perspective: Technology-Organisation-Environment model, Transaction Cost Economics and the cognitive theory of the firm. Using a step-by-step thematic analysis, we analyze 22 interviews from 16 French firms. We find that few innovations address the three dimensions of sustainability. Standards, frequently relying on SOI, appear to be the most widespread means to signal sustainability. Centralized firms seem to implement more SOI, unlike decentralized firms. There is a gradient of organizational models, according to a combination of transactional and cognitive governance.</subfield>
  </datafield>
  <datafield tag="690" ind1=" " ind2=" ">
    <subfield code="a">Governance</subfield>
  </datafield>
  <datafield tag="690" ind1=" " ind2=" ">
    <subfield code="a">Innovation</subfield>
  </datafield>
  <datafield tag="690" ind1=" " ind2=" ">
    <subfield code="a">Sustainability</subfield>
  </datafield>
  <datafield tag="690" ind1=" " ind2=" ">
    <subfield code="a">Wine Industry</subfield>
  </datafield>
  <datafield tag="786" ind1="0" ind2=" ">
    <subfield code="n">Innovations | hors-s&#xE9;rie | HS1 | 2025-10-10 | p. 83-83 | 1267-4982</subfield>
  </datafield>
  <datafield tag="856" ind1="4" ind2="1">
    <subfield code="u">https://shs.cairn.info/journal-innovations-2025-HS1-page-83?lang=en&amp;redirect-ssocas=7080</subfield>
  </datafield>
  <datafield tag="999" ind1=" " ind2=" ">
    <subfield code="c">1739079</subfield>
    <subfield code="d">1739079</subfield>
  </datafield>
</record>
